Developing new approaches to global stock status assessment and fishery production potential of the seas / (Record no. 15965)

000 -LEADER
fixed length control field 00811cam a2200205Ii 4500
020 ## - INTERNATIONAL STANDARD BOOK NUMBER
ISBN 9789251079928
020 ## - INTERNATIONAL STANDARD BOOK NUMBER
ISBN 9251079927
040 ## - CATALOGING SOURCE
Transcribing agency BTCTA
082 ## - DEWEY DECIMAL CLASSIFICATION NUMBER
Classification number 333 ROS 2014 A079 Or.
100 1# - MAIN ENTRY--AUTHOR NAME
Personal name Rosenberg, Andrew A.
245 10 - TITLE STATEMENT
Title Developing new approaches to global stock status assessment and fishery production potential of the seas /
300 ## - PHYSICAL DESCRIPTION
Number of Pages xi, 175 pages :
Other physical details color illustrations, color maps ;
Dimensions 30 cm.
490 1# - SERIES STATEMENT
Series statement FAO Fisheries and aquaculture circular,
500 ## - GENERAL NOTE
General note Compilation of a study on wild capture fish stock, commissioned by the Fisheries and Aquaculture Department of the FAO.
650 #0 - SUBJECT ADDED ENTRY--TOPICAL TERM
Topical Term Fishery resources.
650 #0 - SUBJECT ADDED ENTRY--TOPICAL TERM
Topical Term Fish populations.
650 #0 - SUBJECT ADDED ENTRY--TOPICAL TERM
Topical Term Fishery management, International.
710 2# - ADDED ENTRY--CORPORATE NAME
Corporate name or jurisdiction name as entry element Food and Agriculture Organization of the United Nations.
942 ## - ADDED ENTRY ELEMENTS (KOHA)
Koha item type សៀវភៅភាសាអង់គ្លេស
952 ## - LOCATION AND ITEM INFORMATION (KOHA)
Withdrawn status [LOCAL, KOHA] 0
Holdings
Permanent Location Date acquired Koha item type Lost status Shelving location Barcode Current Location Full call number
Library Block A2017-12-20សៀវភៅភាសាអង់គ្លេស A079A27835Library Block A333 ROS 2014 A079 Or.
មជ្ឈមណ្ឌលឯការនៃសាកលវិទ្យាល័យភូមិន្ទកសិកម្មចំការដូង

Powered by Koha